000
00293cam a2200133ua 4500
041
_a
hin
_h
082
_a
891.54
_b
SAR/SA
100
_a
Sarada, Mitre .
245
_a
Savak kahniyam /
_c
Sarada Mitre.
_h
Textual Documents
300
_a
42 ; .
504
_a
942
_c
BK
999
_c
6486
_d
6486